The great Indians / (Record no. 40348)

MARC details
000 -LEADER
fixed length control field 00603nam a22001937a 4500
005 - DATE AND TIME OF LATEST TRANSACTION
control field 20100809134835.0
010 ## - LCCN (DPL NO)
LC control number ENG-99035
020 ## - INTERNATIONAL STANDARD BOOK NUMBER
International Standard Book Number 9789380173276
Terms of availability 150.00
035 ## - SYSTEM CONTROL NUMBER
System control number EN-82567
037 ## - SOURCE OF ACQUISITION
Source of stock number/acquisition DBAD/PUB
082 ## - DEWEY DECIMAL CLASSIFICATION NUMBER
Classification number 954
100 ## - MAIN ENTRY--PERSONAL NAME
Personal name Napoleon, Pon. K.
245 ## - TITLE STATEMENT
Title The great Indians /
Statement of responsibility, etc by Pon. K. Napoleon
260 ## - PUBLICATION, DISTRIBUTION, ETC. (IMPRINT)
Place of publication, distribution, etc Koradacherry
Name of publisher, distributor, etc Aruma Pathigagam
Date of publication, distribution, etc 2009
270 ## - ADDRESS
Address 35 Gandhi Colony
City Koradacherry
Postal code 613703
300 ## - PHYSICAL DESCRIPTION
Extent iv,146p.
Dimensions 21cm (pbK)
942 ## - ADDED ENTRY ELEMENTS (KOHA)
Source of classification or shelving scheme Dewey Decimal Classification
Item type English Books
Call number prefix 954
Call number suffix NAP
Holdings
Withdrawn status Lost status Not for loan Collection code Home library Current library Date acquired Source of acquisition Cost, normal purchase price Barcode Copy number Cost, replacement price Koha item type
    Not For Loan Non-fiction D.B.Act.Division D.B.Act.Division 09/08/2010 DBAD/PUB 150.00 EN-82567 1 150.00 English Books

© Delhi Public Library
Hit Counter
free hit counter